Darubini ya sarufi: Ufafanuzi Kamili wa sarufi ya Kiswahili (Record no. 1477)

000 -LEADER
fixed length control field 00488nam a22001697a 4500
003 - CONTROL NUMBER IDENTIFIER
control field OSt
005 - DATE AND TIME OF LATEST TRANSACTION
control field 20150128115801.0
008 - FIXED-LENGTH DATA ELEMENTS--GENERAL INFORMATION
fixed length control field 150128b xxu||||| |||| 00| 0 eng d
020 ## - INTERNATIONAL STANDARD BOOK NUMBER
International Standard Book Number 9966471529
050 ## - LIBRARY OF CONGRESS CALL NUMBER
Classification number PL 8702 .M326 2008
100 ## - MAIN ENTRY--PERSONAL NAME
Personal name Matei, Assumpta K.
245 ## - TITLE STATEMENT
Title Darubini ya sarufi: Ufafanuzi Kamili wa sarufi ya Kiswahili
Statement of responsibility, etc Assumpta K. Matei.
260 ## - PUBLICATION, DISTRIBUTION, ETC. (IMPRINT)
Place of publication, distribution, etc Nairobi
Name of publisher, distributor, etc Phoenix Publishers
Date of publication, distribution, etc 2008
300 ## - PHYSICAL DESCRIPTION
Extent iii,368p.
650 ## - SUBJECT ADDED ENTRY--TOPICAL TERM
Topical term or geographic name as entry element Swahili Language--Grammar
942 ## - ADDED ENTRY ELEMENTS (KOHA)
Source of classification or shelving scheme
Koha item type Book
Holdings
Withdrawn status Lost status Source of classification or shelving scheme Damaged status Not for loan Home library Current library Shelving location Date acquired Total Checkouts Total Renewals Full call number Barcode Date last seen Date checked out Copy number Price effective from Koha item type
          Riara University Library Riara University Library General stack 28/01/2015 17 4 PL 8702 .M326 2008 5255/15 16/10/2019 15/10/2019 C.1 28/01/2015 Book

Riara University Library,
P.O. Box 49940-00100,
Nairobi, Kenya.